|
|
|
|
| LEADER |
00000nam a22000007a 4500 |
| 005 |
20181028221150.0 |
| 007 |
cr|||| |||| |
| 008 |
181028s2018 co |||||s|||| 00||0 spa d |
| 020 |
|
|
|a 978-958-8934-54-9
|
| 035 |
|
|
|a 22120
|
| 040 |
|
|
|a vLex
|
| 090 |
|
|
|c 8194
|d 8194
|
| 100 |
1 |
|
|a Agudelo Giraldo, Óscar Alexis
|
| 245 |
1 |
0 |
|a Anl̀isis y aplicacin̤ de los derechos humanos en el contexto de la Corte Interamericana
|h [Recurso electrn̤ico] /
|c Óscar Alexis Agudelo Giraldo
|
| 256 |
|
|
|a Servicio en ln̕ea
|
| 260 |
|
|
|a Bogot:̀
|b Universidad Catl̤ica de Colombia,
|c 2018
|
| 300 |
|
|
|a 1 recurso electrn̤ico
|
| 506 |
1 |
|
|a Disponible solo en los productos indicados
|d vLex Global
|d vLex Global (Academic Edition, excluding Law Schools)
|d vLex Global (U.S. Academic Edition, Law Schools)
|d vLex Global (U.S. Academic Edition, excluding Law Schools)
|d vLex Global (Academic Edition, Law Schools)
|
| 650 |
0 |
4 |
|a Derecho Constitucional
|z Colombia
|
| 650 |
0 |
4 |
|a Derecho Internacional
|z Colombia
|
| 740 |
0 |
|
|a vLex Libros (Servicio en ln̕ea)
|
| 856 |
4 |
0 |
|u http://vlex.com/source/analisis-aplicacion-derechos-humanos-contexto-corte-interamericanaalisis-aplicacion-derechos-humanos-contexto-corte-interamericana-22120
|z Acceso restringido
|
| 942 |
|
|
|c BOOK
|
| 999 |
0 |
|
|a Constitutional Law
|
| 999 |
0 |
|
|a International Law
|